000 00770nam a2200277Ia 4500
001 53145
005 20240114005334.0
007 ta
008 101218s1992 g b000 u 465 u
040 _aCotton College,Assam
041 _a465
082 _a823.49125
_bAr 97 EN
100 _aAryanpur , Abbas .
245 0 _aEnglish Persian Collegiate Dictionary /
_cAbbas Aryanpur.
_hTextual Documents
250 _aIst ed. /
260 _aNew Delhi :
_bAmir Kabir Publication Organisation ,
_c1992.
300 _a1296pg ;
_c20cm.
362 _avol- 1 (A- L)-
653 _aDictionary- English Persian
653 _aReference Section
653 _aReference Section
942 _2ddc
_cBK
999 _c53108
_d53108